| 000 | 00515nam a2200205Ia 4500 | ||
|---|---|---|---|
| 005 | 20250923145254.0 | ||
| 008 | 008 250917s9999 xx 000 0 eng d | ||
| 037 | _aPeriodicals | ||
| 040 |
_aDSWL _beng _cDSWL |
||
| 041 |
_aeng _2eng |
||
| 084 | _qDSWL | ||
| 245 | 4 | _aThe American Journal of psychiatry | |
| 260 |
_aWashington _bThe american Psychiatric Association _c1966 |
||
| 300 | _ai,3179p. | ||
| 365 |
_aINR _b13 |
||
| 490 | _vVol.123 | ||
| 925 | _g13 | ||
| 942 | _cCR | ||
| 999 |
_c1449291 _d1449291 |
||